Health : A Wellness Approach
| Main Author: | |
|---|---|
| Other Authors: | |
| Format: | Book |
| Language: | English |
| Published: |
Columbus, Ohio :
Merrill Publishing Company ,
1987
|
| Subjects: |
MARC
| LEADER | 00000cam a2200000 7i4500 | ||
|---|---|---|---|
| 001 | 0000003389 | ||
| 005 | 20230601.0 | ||
| 008 | 991203 ohu eng | ||
| 020 | |a 0675078695 (hbk) | ||
| 040 | |a INS | ||
| 090 | 0 | 0 | |a RC81 |b .M4965 1987 |
| 100 | 1 | |a Meeks-Mitchell, Linda | |
| 245 | 1 | 0 | |a Health : |b A Wellness Approach |c Linda Meeks-Mitchell and Philip Heit |
| 260 | |a Columbus, Ohio : |b Merrill Publishing Company , |c 1987 | ||
| 300 | |a xii, 596 p. : |b col. ill. ; |c 24 cm. | ||
| 500 | |a Includes index | ||
| 650 | 0 | |a Health | |
| 700 | 1 | |a Heit, Philip | |
| 999 | |a 0000005074 |b BOOK |c Open Shelf |e Default branch | ||